00586nam a22001697a 4500003000400000008004100004020001800045082001400063100001900077245007300096260007400169300001500243650003400258650003800292650006700330700001900397OSt260622b |||||||| |||| 00| 0 eng d a9789366264820 a628bB57E aBhushan, Mani  aEnvironmental Engineering Innovations/ by Mani Bhushan, Aditya Kumar aNew Delhi: bInternational Books & Periodicals Supply Service,c2025. aix, 233 p. aTechnology (Applied Sciences) aEngineering and allied operations aSanitary and municipal engineering (Environmental Engineering) aKumar, Aditya